00401nam a2200157Ia 450000100060000000800410000602000180004704000130006508200180007810000240009624500560012026000360017630000110021254600070022370000130023062967150107s9999 xx 000 0 und d a9780415513128 cPK-LaUMT a 291.09bWOR- aSutherland, Stewart 4aThe world's religionscSutherland, Stewart|[Et al,] aNew York,USA:bRoutledge,c1988 a995 p. aEN a[Et al,]